00739nam a2200169 a 4500003000400000005001700004008003900021016001900060040001400079100003100093245022700124260008300351300002600434650003800460650003700498710003400535OSt20211227130148.0A00321s1972 sp 000 spa aDL M15966-1974 bcatcCDMR1 aVázquez, Jesús María10aEstudio sociográfico de la actual prensa infantil y juvenil en España: [V curso para la obtención del diploma en publicaciones infantiles y juveniles, Madrid 12 febrero-8 marzo 1973] / cpor Jesús María Vázquez aMadrid : bPublicaciones de la Secretaría de la Escuela de Periodismo,c1974 a32 pàginesc; 22 cm00aRevistes infantilszEspanyay197300aRevistes juvenilszEspanyay19732 aEscuela Oficial de Periodismo